000
00303 a2200157 4500
001
160937
020
_a
040
_c
Magnum
100
_a
Machado, Ana Maria
240
1
0
_a
Dona baratinha
_l
por
245
1
0
_a
Dona baratinha
362
0
_a
1899
440
1
_a
FTD
697
_a
I/CONTO
942
_c
BK
999
_c
160937
_d
160937